[Event "T-Director's Swiss sytem"]
[Site "playchess.com #662980"]
[Date "2014.03.16"]
[Round "1"]
[White "Jorden"]
[Black "Muzio44"]
[Result "1-0"]
[WhiteElo "2503"]
[BlackElo "1706"]
[PlyCount "55"]
[EventDate "2014.03.16"]
[EventType "swiss (blitz)"]

1. e4 {[%emt 0:00:01]} c5 {[%emt 0:00:01]} 2. Nf3 {[%emt 0:00:03]} d6 {[%emt 0:
00:01]} 3. d4 {[%emt 0:00:02]} cxd4 {[%emt 0:00:00]} 4. Nxd4 {[%emt 0:00:00]}
Nf6 {[%emt 0:00:01]} 5. Nc3 {[%emt 0:00:03]} g6 {[%emt 0:00:01]} 6. Be3 {[%emt
0:00:10]} Bg7 {[%emt 0:00:08]} 7. f3 {[%emt 0:00:04]} O-O {[%emt 0:00:02]} 8.
Qd2 {[%emt 0:00:04]} Nc6 {[%emt 0:00:04]} 9. g4 {[%emt 0:00:05]} Nxd4 {[%emt 0:
00:01]} 10. Bxd4 {[%emt 0:00:02]} Be6 {[%emt 0:00:01]} 11. O-O-O {[%emt 0:00:
08]} Qa5 {[%emt 0:00:02]} 12. a3 {[%emt 0:00:01]} Rfc8 {[%emt 0:00:04]} 13. h4
{[%emt 0:00:03]} Bc4 {[%emt 0:01:17]} 14. Bxc4 {[%emt 0:00:03]} Rxc4 {[%emt 0:
00:01]} 15. Bxf6 {[%emt 0:00:01]} Bxf6 {[%emt 0:00:04]} 16. Nd5 {[%emt 0:00:02]
} Bxb2+ {[%emt 0:02:39]} 17. Kxb2 {[%emt 0:00:03]} Qb5+ {[%emt 0:00:02]} 18.
Ka2 {[%emt 0:00:05]} Qc5 {[%emt 0:00:24]} 19. Rh2 {[%emt 0:00:29]} Ra4 {[%emt
0:00:09]} 20. Qe3 {[%emt 0:00:10]} Qa5 {[%emt 0:00:28]} 21. h5 {[%emt 0:00:04]}
b5 {[%emt 0:00:04]} 22. hxg6 {[%emt 0:00:01]} b4 {[%emt 0:00:01]} 23. gxf7+ {
[%emt 0:00:06]} Kh8 {[%emt 0:00:03]} 24. Rxh7+ {[%emt 0:00:08]} Kxh7 {[%emt 0:
00:02]} 25. Rh1+ {[%emt 0:00:00]} Kg7 {[%emt 0:00:02]} 26. Qg5+ {[%emt 0:00:05]
} Kxf7 {[%emt 0:00:02]} 27. Rh7+ {[%emt 0:00:01]} Ke8 {[%emt 0:00:02]} 28.
Qxe7# {[%emt 0:00:02]} 1-0

[Event "T-Director's Swiss sytem"]
[Site "playchess.com #662980"]
[Date "2014.03.16"]
[Round "5"]
[White "Jorden"]
[Black "Vertetics Attila"]
[Result "1-0"]
[WhiteElo "2493"]
[BlackElo "2461"]
[PlyCount "75"]
[EventDate "2014.03.16"]
[EventType "swiss (blitz)"]

1. e4 {[%emt 0:00:02]} c6 {[%emt 0:00:01]} 2. d4 {[%emt 0:00:01]} d5 {[%emt 0:
00:01]} 3. exd5 {[%emt 0:00:01]} cxd5 {[%emt 0:00:00]} 4. c4 {[%emt 0:00:02]}
Nf6 {[%emt 0:00:01]} 5. Nc3 {[%emt 0:00:02]} g6 {[%emt 0:00:01]} 6. Nf3 {[%emt
0:00:02]} Bg7 {[%emt 0:00:01]} 7. cxd5 {[%emt 0:00:04]} Nxd5 {[%emt 0:00:02]}
8. Bc4 {[%emt 0:00:01]} Nb6 {[%emt 0:00:01]} 9. Bb3 {[%emt 0:00:02]} O-O {
[%emt 0:00:01]} 10. h3 {[%emt 0:00:04]} Nc6 {[%emt 0:00:02]} 11. Be3 {[%emt 0:
00:04]} Na5 {[%emt 0:00:01]} 12. Bc2 {[%emt 0:00:04]} Nac4 {[%emt 0:00:02]} 13.
Qc1 {[%emt 0:00:07]} Nxe3 {[%emt 0:00:18]} 14. Qxe3 {[%emt 0:00:06]} Nc4 {
[%emt 0:00:04]} 15. Qe2 {[%emt 0:00:02]} Nb6 {[%emt 0:00:31]} 16. O-O {[%emt 0:
00:03]} Be6 {[%emt 0:00:01]} 17. Rad1 {[%emt 0:00:08]} Bc4 {[%emt 0:00:05]} 18.
Bd3 {[%emt 0:00:02]} Rc8 {[%emt 0:00:01]} 19. Rfe1 {[%emt 0:00:03]} Bxd3 {
[%emt 0:00:16]} 20. Rxd3 {[%emt 0:00:03]} e6 {[%emt 0:00:02]} 21. d5 {[%emt 0:
00:29]} exd5 {[%emt 0:00:22]} 22. Red1 {[%emt 0:00:01]} Bxc3 {[%emt 0:00:02]}
23. bxc3 {[%emt 0:00:05]} Qf6 {[%emt 0:00:03]} 24. Nd4 {[%emt 0:00:04]} Rfe8 {
[%emt 0:00:03]} 25. Qg4 {[%emt 0:00:01]} Rc4 {[%emt 0:00:05]} 26. Rf3 {[%emt 0:
00:05]} Qd6 {[%emt 0:00:13]} 27. Qg5 {[%emt 0:00:17]} Qe7 {[%emt 0:00:15]} 28.
Qh6 {[%emt 0:00:12]} Rec8 {[%emt 0:00:27]} 29. Nf5 {[%emt 0:00:13]} Qf8 {[%emt
0:00:02]} 30. Qg5 {[%emt 0:00:02]} f6 {[%emt 0:00:13]} 31. Qg3 {[%emt 0:00:18]}
R4c7 {[%emt 0:00:38]} 32. Re1 {[%emt 0:00:11]} Rd7 {[%emt 0:00:07]} 33. Rfe3 {
[%emt 0:00:21]} Kh8 {[%emt 0:00:13]} 34. Ne7 {[%emt 0:00:09]} Rcd8 {[%emt 0:00:
23]} 35. Qh4 {[%emt 0:00:01]} Kg7 {[%emt 0:00:07]} 36. Re6 {[%emt 0:00:22]} d4
{[%emt 0:00:19]} 37. cxd4 {[%emt 0:00:07]} Rxd4 {[%emt 0:00:00]} 38. Nf5+ {
[%emt 0:00:01] Vertetics Attila resigns} 1-0

[Event "T-Director's Swiss sytem"]
[Site "playchess.com #662980"]
[Date "2014.03.16"]
[Round "3"]
[White "Jrt"]
[Black "Bozo333"]
[Result "1/2-1/2"]
[WhiteElo "2402"]
[BlackElo "1872"]
[PlyCount "85"]
[EventDate "2014.03.16"]
[EventType "swiss (blitz)"]

1. e4 {[%emt 0:00:03]} e6 {[%emt 0:00:01]} 2. Nf3 {[%emt 0:00:02]} d5 {[%emt 0:
00:01]} 3. Nc3 {[%emt 0:00:00]} Nf6 {[%emt 0:00:02]} 4. e5 {[%emt 0:00:02]}
Nfd7 {[%emt 0:00:01]} 5. d4 {[%emt 0:00:00]} a6 {[%emt 0:00:01]} 6. Bd3 {[%emt
0:00:04]} c5 {[%emt 0:00:01]} 7. dxc5 {[%emt 0:00:01]} Nxc5 {[%emt 0:00:01]} 8.
O-O {[%emt 0:00:02]} Nxd3 {[%emt 0:00:01]} 9. Qxd3 {[%emt 0:00:02]} Be7 {[%emt
0:00:01]} 10. h4 {[%emt 0:00:06]} Bxh4 {[%emt 0:00:09]} 11. g3 {[%emt 0:00:02]}
Be7 {[%emt 0:00:03]} 12. Kg2 {[%emt 0:00:00]} Nc6 {[%emt 0:00:02]} 13. a3 {
[%emt 0:00:18]} Bd7 {[%emt 0:00:04]} 14. Rh1 {[%emt 0:00:04]} h6 {[%emt 0:00:
04]} 15. Ne2 {[%emt 0:00:04]} Na5 {[%emt 0:00:04]} 16. Ned4 {[%emt 0:00:04]}
Qb6 {[%emt 0:00:06]} 17. b3 {[%emt 0:00:04]} Rc8 {[%emt 0:00:02]} 18. Bg5 {
[%emt 0:00:09]} Nc6 {[%emt 0:00:06]} 19. Bxe7 {[%emt 0:00:05]} Nxe7 {[%emt 0:
00:02]} 20. c4 {[%emt 0:00:08]} dxc4 {[%emt 0:00:20]} 21. bxc4 {[%emt 0:00:00]}
Nc6 {[%emt 0:00:03]} 22. Nb3 {[%emt 0:00:07]} Na5 {[%emt 0:00:17]} 23. Nbd4 {
[%emt 0:00:28]} Nxc4 {[%emt 0:00:11]} 24. Rab1 {[%emt 0:00:01]} Qc7 {[%emt 0:
00:08]} 25. Qe4 {[%emt 0:00:05]} Bc6 {[%emt 0:00:04]} 26. Nxc6 {[%emt 0:00:07]}
Qxc6 {[%emt 0:00:01]} 27. Qxc6+ {[%emt 0:00:01]} Rxc6 {[%emt 0:00:01]} 28. Rxb7
{[%emt 0:00:03]} O-O {[%emt 0:00:09]} 29. a4 {[%emt 0:00:05]} Rd8 {[%emt 0:00:
09]} 30. Rh4 {[%emt 0:00:06]} Rd5 {[%emt 0:00:12]} 31. Rf4 {[%emt 0:00:05]}
Nxe5 {[%emt 0:00:22]} 32. Nxe5 {[%emt 0:00:02]} Rxe5 {[%emt 0:00:01]} 33. Rfxf7
{[%emt 0:00:00]} Rg5 {[%emt 0:00:05] Bozo333 propose la nulle} 34. Rfe7 {[%emt
0:00:12]} Rg6 {[%emt 0:00:06]} 35. Kh3 {[%emt 0:00:33]} Rc2 {[%emt 0:00:07]}
36. f3 {[%emt 0:00:05]} Rc3 {[%emt 0:00:06]} 37. Kg2 {[%emt 0:00:04]} Rc2+ {
[%emt 0:00:05]} 38. Kh3 {[%emt 0:00:02]} Rc3 {[%emt 0:00:01]} 39. Rb8+ {[%emt
0:00:11]} Kh7 {[%emt 0:00:02]} 40. Ree8 {[%emt 0:00:01]} Rf6 {[%emt 0:00:02]}
41. Rf8 {[%emt 0:00:21] Jrt offers a draw} Rfxf3 {[%emt 0:00:10]} 42. Rxf3 {
[%emt 0:00:01]} Rxf3 {[%emt 0:00:01]} 43. Rb6 {[%emt 0:00:06] Bozo333 propose
la nulle} 1/2-1/2

[Event "T-Director's Swiss sytem"]
[Site "playchess.com #662980"]
[Date "2014.03.16"]
[Round "7"]
[White "Jrt"]
[Black "Erkin Karaokcu"]
[Result "1-0"]
[WhiteElo "2386"]
[BlackElo "2003"]
[PlyCount "63"]
[EventDate "2014.03.16"]
[EventType "swiss (blitz)"]

1. e4 {[%emt 0:00:02]} c5 {[%emt 0:00:02]} 2. Nf3 {[%emt 0:00:01]} e6 {[%emt 0:
00:01]} 3. d4 {[%emt 0:00:01]} cxd4 {[%emt 0:00:01]} 4. Bg5 {[%emt 0:00:00]}
Qa5+ {[%emt 0:00:10]} 5. c3 {[%emt 0:00:02]} Nc6 {[%emt 0:00:14]} 6. b4 {[%emt
0:00:03]} Qb6 {[%emt 0:00:07]} 7. b5 {[%emt 0:00:05]} dxc3 {[%emt 0:00:34]} 8.
bxc6 {[%emt 0:00:05]} Qb2 {[%emt 0:00:02]} 9. cxd7+ {[%emt 0:00:08]} Bxd7 {
[%emt 0:00:02]} 10. Ne5 {[%emt 0:00:12]} Bc6 {[%emt 0:00:28]} 11. Qb3 {[%emt 0:
00:07]} Bb4 {[%emt 0:00:16]} 12. Nxc6 {[%emt 0:00:12]} bxc6 {[%emt 0:00:19]}
13. Be2 {[%emt 0:00:04]} c2+ {[%emt 0:00:11]} 14. Kf1 {[%emt 0:00:01]} c1=Q+ {
[%emt 0:00:15]} 15. Bxc1 {[%emt 0:00:02]} Qxc1+ {[%emt 0:00:00]} 16. Qd1 {
[%emt 0:00:09]} Qb2 {[%emt 0:00:03]} 17. Qb3 {[%emt 0:00:09]} Qxa1 {[%emt 0:00:
14]} 18. Qxb4 {[%emt 0:00:01]} Ne7 {[%emt 0:00:01]} 19. g3 {[%emt 0:00:04]} O-O
{[%emt 0:00:02]} 20. Kg2 {[%emt 0:00:04]} Rab8 {[%emt 0:00:04]} 21. Qxe7 {
[%emt 0:00:04]} Rxb1 {[%emt 0:00:01]} 22. Rxb1 {[%emt 0:00:02]} Qxb1 {[%emt 0:
00:00]} 23. Qxa7 {[%emt 0:00:11]} Qxe4+ {[%emt 0:00:04]} 24. Bf3 {[%emt 0:00:
00]} Qc2 {[%emt 0:00:05]} 25. a4 {[%emt 0:00:07]} g6 {[%emt 0:00:14]} 26. a5 {
[%emt 0:00:07]} Qa4 {[%emt 0:00:02]} 27. a6 {[%emt 0:00:04]} Qb5 {[%emt 0:00:
03]} 28. h4 {[%emt 0:00:22]} Rb8 {[%emt 0:00:14]} 29. Qc7 {[%emt 0:00:05]} Qb6
{[%emt 0:00:06]} 30. Qxc6 {[%emt 0:00:06]} Qa7 {[%emt 0:00:09]} 31. Qc4 {[%emt
0:00:14]} Rb2 {[%emt 0:00:08]} 32. Qc8+ {[%emt 0:00:03] Erkin Karaokcu Terk}
1-0

[Event "T-Director's Swiss sytem"]
[Site "playchess.com #662980"]
[Date "2014.03.16"]
[Round "9"]
[White "Jrt"]
[Black "Laxman"]
[Result "1-0"]
[WhiteElo "2404"]
[BlackElo "2581"]
[PlyCount "36"]
[EventDate "2014.03.16"]
[EventType "swiss (blitz)"]

1. e4 {[%emt 0:00:01]} e5 {[%emt 0:00:02]} 2. Nc3 {[%emt 0:00:00]} Nf6 {[%emt
0:00:01]} 3. f4 {[%emt 0:00:01]} d5 {[%emt 0:00:01]} 4. fxe5 {[%emt 0:00:01]}
Nxe4 {[%emt 0:00:01]} 5. Nf3 {[%emt 0:00:02]} Be7 {[%emt 0:00:01]} 6. d4 {
[%emt 0:00:01]} Nc6 {[%emt 0:00:01]} 7. Bd3 {[%emt 0:00:02]} f5 {[%emt 0:00:05]
} 8. exf6 {[%emt 0:00:02]} Nxf6 {[%emt 0:00:02]} 9. O-O {[%emt 0:00:01]} O-O {
[%emt 0:00:00]} 10. Qe1 {[%emt 0:00:08]} Bg4 {[%emt 0:00:02]} 11. Ne5 {[%emt 0:
00:31]} Nxe5 {[%emt 0:00:11]} 12. dxe5 {[%emt 0:00:00]} Bc5+ {[%emt 0:00:01]}
13. Kh1 {[%emt 0:00:05]} Ne4 {[%emt 0:00:33]} 14. Rxf8+ {[%emt 0:00:10]} Qxf8 {
[%emt 0:00:01]} 15. Nxe4 {[%emt 0:00:07]} dxe4 {[%emt 0:00:01]} 16. Qxe4 {
[%emt 0:00:05]} g6 {[%emt 0:00:23]} 17. Qxg4 {[%emt 0:00:02]} Qf2 {[%emt 0:00:
01]} 18. Bh6 {[%emt 0:00:03]} Re8 {[%emt 0:00:06] Laxman resigns} 1-0

[Event "T-Director's Swiss sytem"]
[Site "playchess.com #662980"]
[Date "2014.03.16"]
[Round "6"]
[White "Jrt"]
[Black "carokan"]
[Result "1-0"]
[WhiteElo "2384"]
[BlackElo "1898"]
[PlyCount "34"]
[EventDate "2014.03.16"]
[EventType "swiss (blitz)"]

1. e4 {[%emt 0:00:01]} e5 {[%emt 0:00:02]} 2. Nc3 {[%emt 0:00:01]} Nc6 {[%emt
0:00:05]} 3. Bc4 {[%emt 0:00:01]} Bd6 {[%emt 0:00:04]} 4. f4 {[%emt 0:00:04]}
exf4 {[%emt 0:00:02]} 5. Nf3 {[%emt 0:00:01]} Ne5 {[%emt 0:00:04]} 6. Bb3 {
[%emt 0:00:24]} Nxf3+ {[%emt 0:00:03]} 7. Qxf3 {[%emt 0:00:02]} Qh4+ {[%emt 0:
00:01]} 8. g3 {[%emt 0:00:19]} fxg3 {[%emt 0:00:11]} 9. Bxf7+ {[%emt 0:00:17]}
Kd8 {[%emt 0:00:02]} 10. hxg3 {[%emt 0:00:07]} Qxg3+ {[%emt 0:00:04]} 11. Qxg3
{[%emt 0:00:01]} Bxg3+ {[%emt 0:00:02]} 12. Ke2 {[%emt 0:00:01]} Nh6 {[%emt 0:
00:09]} 13. Bb3 {[%emt 0:00:13]} d6 {[%emt 0:00:02]} 14. d4 {[%emt 0:00:04]}
Bg4+ {[%emt 0:00:03]} 15. Kd3 {[%emt 0:00:07]} c5 {[%emt 0:00:15]} 16. Bxh6 {
[%emt 0:00:05]} gxh6 {[%emt 0:00:02]} 17. Rhg1 {[%emt 0:00:04]} cxd4 {[%emt 0:
00:02] carokan Abandona} 1-0

[Event "T-Director's Swiss sytem"]
[Site "playchess.com #662980"]
[Date "2014.03.16"]
[Round "4"]
[White "KARIM2007"]
[Black "Chess-hate"]
[Result "0-1"]
[WhiteElo "2022"]
[BlackElo "1554"]
[PlyCount "90"]
[EventDate "2014.03.16"]
[EventType "swiss (blitz)"]

1. e4 {[%emt 0:00:01]} c5 {[%emt 0:00:00]} 2. Nf3 {[%emt 0:00:02]} d6 {[%emt 0:
00:01]} 3. Bb5+ {[%emt 0:00:01]} Bd7 {[%emt 0:00:01]} 4. Bxd7+ {[%emt 0:00:01]}
Nxd7 {[%emt 0:00:00]} 5. O-O {[%emt 0:00:02]} e6 {[%emt 0:00:01]} 6. c4 {[%emt
0:00:02]} Be7 {[%emt 0:00:01]} 7. Nc3 {[%emt 0:00:01]} Ngf6 {[%emt 0:00:02]} 8.
d4 {[%emt 0:00:02]} cxd4 {[%emt 0:00:01]} 9. Nxd4 {[%emt 0:00:01]} a6 {[%emt 0:
00:01]} 10. b3 {[%emt 0:00:01]} O-O {[%emt 0:00:01]} 11. Be3 {[%emt 0:00:07]}
Rc8 {[%emt 0:00:05]} 12. Rc1 {[%emt 0:00:03]} Nc5 {[%emt 0:00:02]} 13. f3 {
[%emt 0:00:01]} Qa5 {[%emt 0:00:05]} 14. Qd2 {[%emt 0:00:10]} Qd8 {[%emt 0:00:
27]} 15. g4 {[%emt 0:00:14]} Nfd7 {[%emt 0:00:10]} 16. f4 {[%emt 0:00:31]} Nb6
{[%emt 0:00:07]} 17. f5 {[%emt 0:00:30]} exf5 {[%emt 0:00:06]} 18. exf5 {[%emt
0:00:11]} d5 {[%emt 0:00:11]} 19. cxd5 {[%emt 0:00:26]} Nxd5 {[%emt 0:00:03]}
20. Nxd5 {[%emt 0:00:00]} Qxd5 {[%emt 0:00:02]} 21. Nf3 {[%emt 0:00:07]} Qxd2 {
[%emt 0:00:02]} 22. Nxd2 {[%emt 0:00:01]} Nd3 {[%emt 0:00:03]} 23. Rxc8 {[%emt
0:00:02]} Rxc8 {[%emt 0:00:01]} 24. Ne4 {[%emt 0:00:18]} f6 {[%emt 0:00:18]}
25. Rd1 {[%emt 0:00:05]} Ne5 {[%emt 0:00:10]} 26. g5 {[%emt 0:00:05]} fxg5 {
[%emt 0:00:14]} 27. Bxg5 {[%emt 0:00:03]} Nf3+ {[%emt 0:00:02]} 28. Kf2 {[%emt
0:00:09]} Nxg5 {[%emt 0:00:01]} 29. Rd7 {[%emt 0:00:03]} Nxe4+ {[%emt 0:00:02]}
30. Ke3 {[%emt 0:00:01]} Nc5 {[%emt 0:00:19]} 31. Rxe7 {[%emt 0:00:07]} Kf8 {
[%emt 0:00:02]} 32. Re5 {[%emt 0:00:06]} Re8 {[%emt 0:00:03]} 33. Rxe8+ {[%emt
0:00:04]} Kxe8 {[%emt 0:00:01]} 34. Kd4 {[%emt 0:00:02]} Nd7 {[%emt 0:00:02]}
35. b4 {[%emt 0:00:04]} Ke7 {[%emt 0:00:01]} 36. Kd5 {[%emt 0:00:01]} Nb6+ {
[%emt 0:00:03]} 37. Ke5 {[%emt 0:00:13]} Nc4+ {[%emt 0:00:08]} 38. Kd5 {[%emt
0:00:03]} Ne3+ {[%emt 0:00:01]} 39. Ke5 {[%emt 0:00:01]} Ng4+ {[%emt 0:00:04]}
40. Kd5 {[%emt 0:00:02]} Nxh2 {[%emt 0:00:01]} 41. a4 {[%emt 0:00:01]} Nf3 {
[%emt 0:00:01]} 42. b5 {[%emt 0:00:02]} axb5 {[%emt 0:00:02]} 43. axb5 {[%emt
0:00:00]} Nh4 {[%emt 0:00:01]} 44. Ke5 {[%emt 0:00:02]} Nxf5 {[%emt 0:00:02]}
45. Kxf5 {[%emt 0:00:02]} Kd6 {[%emt 0:00:01] KARIM2007 resigns} 0-1

[Event "T-Director's Swiss sytem"]
[Site "playchess.com #662980"]
[Date "2014.03.16"]
[Round "9"]
[White "KARIM2007"]
[Black "GDnp"]
[Result "1-0"]
[WhiteElo "1948"]
[BlackElo "1679"]
[PlyCount "109"]
[EventDate "2014.03.16"]
[EventType "swiss (blitz)"]

1. e4 {[%emt 0:00:01]} d5 {[%emt 0:00:05]} 2. exd5 {[%emt 0:00:09]} Qxd5 {
[%emt 0:00:02]} 3. Nc3 {[%emt 0:00:01]} Qa5 {[%emt 0:00:01]} 4. Nge2 {[%emt 0:
00:02]} g6 {[%emt 0:00:04]} 5. g3 {[%emt 0:00:02]} Bg7 {[%emt 0:00:01]} 6. Bg2
{[%emt 0:00:01]} Nf6 {[%emt 0:00:05]} 7. O-O {[%emt 0:00:01]} O-O {[%emt 0:00:
01]} 8. a3 {[%emt 0:00:02]} c6 {[%emt 0:00:02]} 9. b4 {[%emt 0:00:01]} Qc7 {
[%emt 0:00:02]} 10. Bb2 {[%emt 0:00:03]} Bg4 {[%emt 0:00:01]} 11. h3 {[%emt 0:
00:02]} Be6 {[%emt 0:00:09]} 12. Nf4 {[%emt 0:00:04]} Bf5 {[%emt 0:00:12]} 13.
d3 {[%emt 0:00:14]} e5 {[%emt 0:00:03]} 14. Nfe2 {[%emt 0:00:06]} Qd7 {[%emt 0:
00:06]} 15. g4 {[%emt 0:00:02]} Be6 {[%emt 0:00:03]} 16. Ng3 {[%emt 0:00:01]}
Nd5 {[%emt 0:00:06]} 17. Nxd5 {[%emt 0:00:08]} cxd5 {[%emt 0:00:09]} 18. Re1 {
[%emt 0:00:15]} Nc6 {[%emt 0:00:04]} 19. b5 {[%emt 0:00:11]} Nd4 {[%emt 0:00:
10]} 20. Bxd4 {[%emt 0:00:01]} exd4 {[%emt 0:00:02]} 21. a4 {[%emt 0:00:02]} a6
{[%emt 0:00:11]} 22. Rb1 {[%emt 0:00:04]} Rfc8 {[%emt 0:00:11]} 23. Ne2 {[%emt
0:00:04]} Rc5 {[%emt 0:00:17]} 24. bxa6 {[%emt 0:00:57]} Rxa6 {[%emt 0:00:07]}
25. Nf4 {[%emt 0:00:14]} Rxa4 {[%emt 0:00:15]} 26. Nxe6 {[%emt 0:00:02]} fxe6 {
[%emt 0:00:03]} 27. Qe2 {[%emt 0:00:01]} Ra6 {[%emt 0:00:09]} 28. Rb2 {[%emt 0:
00:06]} Rac6 {[%emt 0:00:04]} 29. Reb1 {[%emt 0:00:02]} Qd6 {[%emt 0:00:17]}
30. Rxb7 {[%emt 0:00:17]} Rxc2 {[%emt 0:00:07]} 31. Rb8+ {[%emt 0:00:05]} Bf8 {
[%emt 0:00:06]} 32. Qf3 {[%emt 0:00:01]} Rc1+ {[%emt 0:00:10]} 33. Bf1 {[%emt
0:00:01]} Rxb1 {[%emt 0:00:12]} 34. Rxb1 {[%emt 0:00:02]} Rb6 {[%emt 0:00:04]}
35. Rc1 {[%emt 0:00:05]} Rc6 {[%emt 0:00:04]} 36. Rb1 {[%emt 0:00:01]} Rb6 {
[%emt 0:00:01]} 37. Re1 {[%emt 0:00:08]} Be7 {[%emt 0:00:17]} 38. Bg2 {[%emt 0:
00:05]} Bd8 {[%emt 0:00:04]} 39. Ra1 {[%emt 0:00:08]} Bc7 {[%emt 0:00:06]} 40.
Ra8+ {[%emt 0:00:05]} Kg7 {[%emt 0:00:01]} 41. Ra1 {[%emt 0:00:40]} Qh2+ {
[%emt 0:00:09]} 42. Kf1 {[%emt 0:00:01]} Qe5 {[%emt 0:00:14]} 43. Re1 {[%emt 0:
00:06]} Qd6 {[%emt 0:00:07]} 44. g5 {[%emt 0:00:07]} Bd8 {[%emt 0:00:07]} 45.
h4 {[%emt 0:00:05]} Rb2 {[%emt 0:00:02]} 46. Qg4 {[%emt 0:00:03]} Rb6 {[%emt 0:
00:03]} 47. Qxd4+ {[%emt 0:00:01]} Kg8 {[%emt 0:00:05]} 48. Rxe6 {[%emt 0:00:
13]} Rb1+ {[%emt 0:00:18]} 49. Re1 {[%emt 0:00:01]} Rb5 {[%emt 0:00:24]} 50.
Qe3 {[%emt 0:00:16]} Kf7 {[%emt 0:00:21]} 51. Qe8+ {[%emt 0:00:03]} Kg7 {[%emt
0:00:07]} 52. Qxb5 {[%emt 0:00:02] GDnp ofrece tablas} Bb6 {[%emt 0:00:18]} 53.
Qxd5 {[%emt 0:00:06]} Qf8 {[%emt 0:00:07]} 54. Qe5+ {[%emt 0:00:04]} Kg8 {
[%emt 0:00:07]} 55. Bd5+ {[%emt 0:00:01] Tiempo} 1-0

[Event "T-Director's Swiss sytem"]
[Site "playchess.com #662980"]
[Date "2014.03.16"]
[Round "7"]
[White "KARIM2007"]
[Black "Utz"]
[Result "1-0"]
[WhiteElo "1969"]
[BlackElo "1694"]
[PlyCount "75"]
[EventDate "2014.03.16"]
[EventType "swiss (blitz)"]

1. e4 {[%emt 0:00:01]} d6 {[%emt 0:00:00]} 2. d4 {[%emt 0:00:01]} Nf6 {[%emt 0:
00:01]} 3. Nc3 {[%emt 0:00:02]} g6 {[%emt 0:00:01]} 4. Bc4 {[%emt 0:00:02]} Bg7
{[%emt 0:00:01]} 5. Nf3 {[%emt 0:00:02]} O-O {[%emt 0:00:01]} 6. h3 {[%emt 0:
00:01]} c6 {[%emt 0:00:01]} 7. a4 {[%emt 0:00:02]} Na6 {[%emt 0:00:02]} 8. O-O
{[%emt 0:00:03]} Nc7 {[%emt 0:00:01]} 9. e5 {[%emt 0:00:11]} Nfd5 {[%emt 0:00:
05]} 10. Nxd5 {[%emt 0:00:05]} cxd5 {[%emt 0:00:01]} 11. Bb3 {[%emt 0:00:05]}
dxe5 {[%emt 0:00:04]} 12. dxe5 {[%emt 0:00:02]} Na6 {[%emt 0:00:05]} 13. Qxd5 {
[%emt 0:00:08]} Qxd5 {[%emt 0:00:07]} 14. Bxd5 {[%emt 0:00:01]} e6 {[%emt 0:00:
01]} 15. Ba2 {[%emt 0:00:13]} Nb4 {[%emt 0:00:02]} 16. Bb3 {[%emt 0:00:10]} b6
{[%emt 0:00:01]} 17. Re1 {[%emt 0:00:13]} Bb7 {[%emt 0:00:02]} 18. Nd4 {[%emt
0:00:08]} Rfd8 {[%emt 0:00:11]} 19. c3 {[%emt 0:00:01]} Nd3 {[%emt 0:00:03]}
20. Re3 {[%emt 0:00:09]} Nxc1 {[%emt 0:00:02]} 21. Rxc1 {[%emt 0:00:02]} Rac8 {
[%emt 0:00:04]} 22. Rce1 {[%emt 0:00:05]} a6 {[%emt 0:00:08]} 23. f4 {[%emt 0:
00:02]} h5 {[%emt 0:00:04]} 24. g4 {[%emt 0:00:21]} hxg4 {[%emt 0:00:04]} 25.
hxg4 {[%emt 0:00:00]} Bf8 {[%emt 0:00:03]} 26. f5 {[%emt 0:00:13]} Bd5 {[%emt
0:00:16]} 27. Bxd5 {[%emt 0:00:07]} Rxd5 {[%emt 0:00:09]} 28. fxe6 {[%emt 0:00:
03]} fxe6 {[%emt 0:00:03]} 29. Nxe6 {[%emt 0:00:14]} Be7 {[%emt 0:00:10]} 30.
Kg2 {[%emt 0:00:13]} Rc6 {[%emt 0:00:01]} 31. Nf4 {[%emt 0:00:05]} Rd2+ {[%emt
0:00:04]} 32. R1e2 {[%emt 0:00:01]} Rxe2+ {[%emt 0:00:02]} 33. Rxe2 {[%emt 0:
00:13]} g5 {[%emt 0:00:01]} 34. Nd5 {[%emt 0:00:05]} Bc5 {[%emt 0:00:05]} 35.
e6 {[%emt 0:00:12]} Kf8 {[%emt 0:00:04]} 36. e7+ {[%emt 0:00:05]} Ke8 {[%emt 0:
00:02]} 37. b4 {[%emt 0:00:06]} Bd6 {[%emt 0:00:11]} 38. Nf6+ {[%emt 0:00:02]
Utz gibt auf} 1-0

[Event "T-Director's Swiss sytem"]
[Site "playchess.com #662980"]
[Date "2014.03.16"]
[Round "5"]
[White "KARIM2007"]
[Black "degondo"]
[Result "0-1"]
[WhiteElo "1990"]
[BlackElo "1772"]
[PlyCount "110"]
[EventDate "2014.03.16"]
[EventType "swiss (blitz)"]

1. e4 {[%emt 0:00:01]} e6 {[%emt 0:00:02]} 2. d4 {[%emt 0:00:01]} d5 {[%emt 0:
00:01]} 3. exd5 {[%emt 0:00:02]} exd5 {[%emt 0:00:02]} 4. Nf3 {[%emt 0:00:00]}
Nf6 {[%emt 0:00:03]} 5. Bd3 {[%emt 0:00:08]} Bg4 {[%emt 0:00:02]} 6. h3 {[%emt
0:00:02]} Bh5 {[%emt 0:00:02]} 7. O-O {[%emt 0:00:01]} Be7 {[%emt 0:00:04]} 8.
Nbd2 {[%emt 0:00:01]} O-O {[%emt 0:00:01]} 9. c3 {[%emt 0:00:01]} Nc6 {[%emt 0:
00:04]} 10. Re1 {[%emt 0:00:01]} Re8 {[%emt 0:00:02]} 11. Qc2 {[%emt 0:00:10]}
Bg6 {[%emt 0:00:08]} 12. Bxg6 {[%emt 0:00:02]} hxg6 {[%emt 0:00:03]} 13. Nf1 {
[%emt 0:00:05]} Ne4 {[%emt 0:00:06]} 14. Bf4 {[%emt 0:00:20]} Bd6 {[%emt 0:00:
05]} 15. Bxd6 {[%emt 0:00:06]} Qxd6 {[%emt 0:00:02]} 16. a3 {[%emt 0:00:25]}
Re7 {[%emt 0:00:08]} 17. c4 {[%emt 0:00:01]} Rae8 {[%emt 0:00:05]} 18. cxd5 {
[%emt 0:00:09]} Qxd5 {[%emt 0:00:02]} 19. Ne3 {[%emt 0:00:01]} Nxd4 {[%emt 0:
00:27]} 20. Nxd5 {[%emt 0:00:37]} Nxc2 {[%emt 0:00:03]} 21. Nxe7+ {[%emt 0:00:
01]} Rxe7 {[%emt 0:00:01]} 22. Rad1 {[%emt 0:00:42]} Nxe1 {[%emt 0:00:04]} 23.
Rxe1 {[%emt 0:00:11]} Kf8 {[%emt 0:00:03]} 24. Rd1 {[%emt 0:00:07]} Nd6 {[%emt
0:00:06]} 25. Rd4 {[%emt 0:00:04]} Re4 {[%emt 0:00:14]} 26. Rd3 {[%emt 0:00:10]
} Re2 {[%emt 0:00:09]} 27. b4 {[%emt 0:00:02]} Ke7 {[%emt 0:00:37]} 28. g4 {
[%emt 0:00:02]} Ne4 {[%emt 0:00:10]} 29. Re3 {[%emt 0:00:32]} Rxe3 {[%emt 0:00:
10]} 30. fxe3 {[%emt 0:00:00]} Nc3 {[%emt 0:00:16]} 31. Kf1 {[%emt 0:00:13]}
Nb5 {[%emt 0:00:03]} 32. a4 {[%emt 0:00:02]} Nc3 {[%emt 0:00:01]} 33. a5 {
[%emt 0:00:08]} Nd5 {[%emt 0:00:03]} 34. b5 {[%emt 0:00:11]} Nxe3+ {[%emt 0:00:
47]} 35. Ke2 {[%emt 0:00:01]} Nc4 {[%emt 0:00:10]} 36. a6 {[%emt 0:00:06]} bxa6
{[%emt 0:00:12]} 37. bxa6 {[%emt 0:00:00]} Kd6 {[%emt 0:00:04]} 38. Nd4 {[%emt
0:00:03]} c6 {[%emt 0:00:06]} 39. Kd3 {[%emt 0:00:07]} Ne5+ {[%emt 0:00:09]}
40. Ke4 {[%emt 0:00:03]} Nd7 {[%emt 0:00:04]} 41. Kf4 {[%emt 0:00:57]} Nc5 {
[%emt 0:00:09]} 42. h4 {[%emt 0:00:05]} Ne6+ {[%emt 0:00:02]} 43. Nxe6 {[%emt
0:00:01]} Kxe6 {[%emt 0:00:01]} 44. Ke4 {[%emt 0:00:06]} c5 {[%emt 0:00:03]}
45. Kd3 {[%emt 0:00:09]} Kd5 {[%emt 0:00:02]} 46. Kc3 {[%emt 0:00:00]} c4 {
[%emt 0:00:01]} 47. h5 {[%emt 0:00:01]} gxh5 {[%emt 0:00:02]} 48. gxh5 {[%emt
0:00:00]} f5 {[%emt 0:00:01]} 49. Kc2 {[%emt 0:00:02]} Kd4 {[%emt 0:00:01]} 50.
Kd2 {[%emt 0:00:01]} c3+ {[%emt 0:00:02]} 51. Kc2 {[%emt 0:00:01]} Kc4 {[%emt
0:00:01]} 52. Kc1 {[%emt 0:00:01]} Kd3 {[%emt 0:00:01]} 53. h6 {[%emt 0:00:01]}
gxh6 {[%emt 0:00:02]} 54. Kd1 {[%emt 0:00:00]} h5 {[%emt 0:00:01]} 55. Ke1 {
[%emt 0:00:01]} c2 {[%emt 0:00:02] KARIM2007 resigns} 0-1